| 000 | 00836nam a22001937a 4500 | ||
|---|---|---|---|
| 008 | 120706t xxu||||| |||| 00| 0 eng d | ||
| 020 | _a0072564369 | ||
| 050 | _aQC21.3.G53 | ||
| 100 | _aGiambattista, Alan | ||
| 245 |
_aCollege physics vol 2. / _cAlan Giambattista |
||
| 260 |
_aBoston: _bHigher education, _c2007. |
||
| 300 |
_axxxii, 1104 p.: _bill.; _c24cm. |
||
| 500 | _aIncludes index. | ||
| 505 | _aContents: Electromagnetism: Electric forces and fields -- Electric potential -- Electric current and circuits -- Magnetic forces and fields -- Electromagnetic induction -- Alternating current -- Electromagnetic waves and optic : Electromagnetic waves -- Reflection and refraction of light -- Optical instrument. | ||
| 650 | _aPhysics. | ||
| 700 | _aRichardson, Betty M. | ||
| 700 | _aRichardson, Robert M. | ||
| 942 |
_2lcc _cBK |
||
| 999 |
_c1652 _d9152 |
||